Cryptography and network security : (Record no. 179681)
[ view plain ]
| 000 -LEADER | |
|---|---|
| fixed length control field | 00909 a2200241 4500 |
| 003 - CONTROL NUMBER IDENTIFIER | |
| control field | Nust |
| 005 - DATE AND TIME OF LATEST TRANSACTION | |
| control field | 20221021084540.0 |
| 010 ## - LIBRARY OF CONGRESS CONTROL NUMBER | |
| LC control number | 2002727981 |
| 020 ## - INTERNATIONAL STANDARD BOOK NUMBER | |
| International Standard Book Number | 0130914290 |
| 040 ## - CATALOGING SOURCE | |
| Transcribing agency | Nust |
| 082 00 - DEWEY DECIMAL CLASSIFICATION NUMBER | |
| Classification number | 005.8,STA |
| 100 1# - MAIN ENTRY--PERSONAL NAME | |
| Personal name | Stallings, William. |
| 245 10 - TITLE STATEMENT | |
| Title | Cryptography and network security : |
| Remainder of title | principles and practice / |
| Statement of responsibility, etc. | William Stallings. |
| 250 ## - EDITION STATEMENT | |
| Edition statement | 3rd ed. |
| 260 ## - PUBLICATION, DISTRIBUTION, ETC. | |
| Place of publication, distribution, etc. | Upper Saddle River, N.J. : |
| Name of publisher, distributor, etc. | Prentice Hall, |
| Date of publication, distribution, etc. | c2003. |
| 300 ## - PHYSICAL DESCRIPTION | |
| Extent | xiv, 681 p. : |
| Other physical details | ill. ; |
| Dimensions | 24 cm. |
| 505 ## - FORMATTED CONTENTS NOTE | |
| Formatted contents note | Part-1: Symmetric Ciphers (Page-26), Part-2: Public-Key Encryption and Hash Functions (Page-232), Part-3: Network Security Applications (Page-398), Part-4: System Security (Page-563) . |
| 650 #0 - SUBJECT ADDED ENTRY--TOPICAL TERM | |
| Topical term or geographic name entry element | Coding theory. |
| 9 (RLIN) | 3106 |
| 650 #0 - SUBJECT ADDED ENTRY--TOPICAL TERM | |
| Topical term or geographic name entry element | Computer networks |
| General subdivision | Security measures. |
| 9 (RLIN) | 466 |
| 650 #0 - SUBJECT ADDED ENTRY--TOPICAL TERM | |
| Topical term or geographic name entry element | Computer security. |
| 9 (RLIN) | 570 |
| 650 #0 - SUBJECT ADDED ENTRY--TOPICAL TERM | |
| Topical term or geographic name entry element | Data encryption (Computer science) |
| 9 (RLIN) | 29166 |
| 942 ## - ADDED ENTRY ELEMENTS (KOHA) | |
| Source of classification or shelving scheme | |
| Koha item type | Book |
| Call number prefix | 005.8,STA |
| Withdrawn status | Lost status | Source of classification or shelving scheme | Damaged status | Not for loan | Permanent Location | Current Location | Shelving location | Date acquired | Full call number | Barcode | Date last seen | Price effective from | Koha item type | Public note | Total Checkouts | Checked out | Date last checked out |
|---|---|---|---|---|---|---|---|---|---|---|---|---|---|---|---|---|---|
| Military College of Signals (MCS) | Military College of Signals (MCS) | General Stacks | 12/12/2016 | 005.8,STA | MCS30372 | 12/08/2016 | 12/12/2016 | Book | Almirah No.9, Shelf No.2 | ||||||||
| Military College of Signals (MCS) | Military College of Signals (MCS) | General Stacks | 12/12/2016 | 005.8,STA | MCS32690 | 10/13/2025 | 12/12/2016 | Book | Almirah No.9, Shelf No.2 | 1 | 11/12/2025 | 10/13/2025 | |||||
| Military College of Signals (MCS) | Military College of Signals (MCS) | General Stacks | 10/21/2022 | 005.8,STA | MCS34677 | 02/04/2026 | 10/21/2022 | Book | Almirah No.9, Shelf No.2 | 3 | 12/24/2025 |
